Album pro mládež = Album für die Jugend : piano /

Bibliographic Details
Main Author: Kabalevsky, Dmitry Borisovich, 1904-1987
Other Authors: Kleinová, Eliška, Fišerová, Alena, 1949-, Müllerová, Eva
Format: Musical Score Book
Language:Czech
German
Published: Praha : Editio Supraphon, 1986
Edition:3. vyd.
Subjects:

MARC

Tag First Indicator Second Indicator Subfields
LEADER 00000ccm a2200000 a 4500
001 in00001402362
005 20151020054141.0
008 930413t19861975cs muz j r n N/A d
028 2 2 |a H 5779  |b Editio Supraphon 
035 |a (OCoLC)27983538 
035 |9 AHN0556AM 
040 |a PUL  |c PUL  |d AZS  |d TXA  |d UtOrBLW 
041 0 |a cze  |a ger 
048 |a ka01 
049 |a TXAM 
090 |a M1378.K112  |b K4 1986 
100 1 |a Kabalevsky, Dmitry Borisovich,  |d 1904-1987. 
240 1 0 |a Piano music.  |k Selections 
245 1 0 |a Album pro mládež =  |b Album für die Jugend : piano /  |c Dmitrij Kabalevskij ; vybraly a revidovaly Eliška Kleinová, Alena Fišerová, Eva Müllerová. 
246 3 1 |a Album für die Jugend. 
250 |a 3. vyd. 
264 1 |a Praha :  |b Editio Supraphon,  |c 1986 
264 4 |c ©1975 
300 |a 44 pages of music ;  |c 31 cm. 
336 |a notated music  |b ntm  |2 rdacontent 
337 |a unmediated  |b n  |2 rdamedia 
338 |a volume  |b nc  |2 rdacarrier 
505 0 |a Smutná událost = Trauriger Begebenheit -- Toccatina -- Valčik = Walzer -- Pohádka = Ein Märchen -- Válečný tanec = Kriegerischer Tanz -- Žertik = Kleiner Scherz -- Klauni = Clowns -- Lehké variace na slovenskou lidovou piseň Dobrú noc = Leichte Variationen über ein slowakisches Volkslied -- Novela = Novelle -- Scherzo -- Lehké variace na ukrajinskou lidovou piseň = Leichte Variationen über ein ukrainisches Volkslied -- Rondo-tanec = Rondo-Tanz -- Rondo-toccata = Rondo Toccata -- Rondo-pochod = Rondo Marsch -- Lehké variace, op. 40, č. 2 = Leichte Variationen, Op. 40, Nr. 2. 
500 |a Critical notes in Czech and German. 
650 0 |a Piano music  |v Juvenile. 
700 1 |a Kleinová, Eliška. 
700 1 |a Fišerová, Alena,  |d 1949- 
700 1 |a Müllerová, Eva. 
999 |a MARS 
999 f f |s ccd56b85-2607-3844-8a5f-02c7433c5cbf  |i 33f99762-7b11-3410-aa31-74fdaa342b11  |t 0 
952 f f |p ric  |a Texas A&M University  |b Rellis Campus  |c Joint Library Facility  |d Remote Storage  |t 0  |e M1378.K112 K4 1986  |h Library of Congress classification  |i unmediated -- volume  |m A14822064051 
998 f f |a M1378.K112 K4 1986  |t 0  |l Remote Storage